Mức độ trí thông minh và trí tuệ cảm xúc của sinh viên trường Đại học sư phạm Đồng Tháp Luận văn thạc sĩ tâm lý học. Chuyên ngành: Tầm lý học. Mã số: 60.31.80

Saved in:
Bibliographic Details
Main Author: Phan, Trọng Nam
Other Authors: Nguyễn, Quang Uẩn (Hướng dẫn)
Format: Thesis Kit Book
Language:Vietnamese
Published: Huế Đại học sư phạm 2006
Subjects:
Tags: Add Tag
No Tags, Be the first to tag this record!
Institutions: Trung tâm Học liệu Lê Vũ Hùng, Trường Đại học Đồng Tháp
LEADER 01290ppm a22003018a 4500
001 00029870
005 20171026081022.0
008 121126s2006 ||||||viesd
041 0 # |a vie 
082 1 4 |b M552Đ  |a 153 
100 1 # |a Phan, Trọng Nam 
245 0 0 |a Mức độ trí thông minh và trí tuệ cảm xúc của sinh viên trường Đại học sư phạm Đồng Tháp  |b Luận văn thạc sĩ tâm lý học. Chuyên ngành: Tầm lý học. Mã số: 60.31.80  |c Phan Trọng Nam; Nguyễn Quang Uẩn (hướng dẫn) 
260 # # |a Huế  |b Đại học sư phạm  |c 2006 
300 # # |a 85 tr.  |c 30cm.  |b ảnh minh họa  |e 1 bản tóm tắt 
500 # # |a ĐTTTS ghi: Bộ giáo dục và đào tạo. Đại học Huế. Trường Đại học sư phạm 
653 # # |a Luận văn 
653 # # |a Mức độ 
653 # # |a Đại học Đồng Tháp 
653 # # |a Trí tuệ 
653 # # |a Sinh viên 
653 # # |a Trí thông minh 
700 1 # |a Nguyễn, Quang Uẩn  |e Hướng dẫn 
852 # # |j LV.0000052 
852 # # |b Kho đọc SĐH  |j LV.0000052 
910 |d 26/11/2012 
980 # # |a Trung tâm Học liệu Lê Vũ Hùng, Trường Đại học Đồng Tháp